| 000 | 01196cam a2200409 a 4500 | ||
|---|---|---|---|
| 001 | 884452 | ||
| 003 | OSt | ||
| 005 | 20140425133546.0 | ||
| 008 | 820222s1981 nyua j 000 1 eng | ||
| 010 | _a 80084445 | ||
| 020 | _a0590462237 | ||
| 040 |
_aDLC _cDLC _dDLC |
||
| 042 | _alcac | ||
| 050 | 0 | 0 |
_aPZ 7 _b.P485 1968 ,1978 , 1979 ,1983 |
| 082 | 0 | 0 |
_aKF _bP44lr 1968 |
| 100 | 1 |
_aPeterson, John Lawrence, _d1924- _95494 |
|
| 245 | 0 | 4 |
_aThe Littles : _bstory and pictures / _cby John Peterson. |
| 260 |
_aNew York : _bScholastic, _cc1968. |
||
| 300 |
_a94 p. : _bill. ; _c19 cm. |
||
| 520 | _aA family of tiny people experiences a crisis when a baby is born during a snowstorm. | ||
| 521 | _aG3 | ||
| 526 | _c460 | ||
| 562 | _e2 | ||
| 650 | 0 |
_aLittle family (Fictitious characters) _vFiction. _95495 |
|
| 650 | 1 |
_aFantasy. _93293 |
|
| 830 |
_aTo the Rescue _95645 |
||
| 830 |
_aTo the Rescue _95645 |
||
| 830 |
_athe big storm _95642 |
||
| 830 |
_aGo Exploring _95643 |
||
| 830 |
_aGo to school _95664 |
||
| 830 |
_aTake a trip _95641 |
||
| 906 |
_a7 _bcbc _corignew _d2 _eopcn _f19 _gy-gencatlg |
||
| 942 |
_2lcc _cBK |
||
| 999 |
_c47476 _d47476 |
||